000 02003cam a22005054i 4500
003 PE-LiUPU
005 20250731173422.0
008 1977 sp b
020 _a8472283291
035 _a(Sirsi) i9788472283299
035 _a(Sirsi) 47655
035 _a(Sirsi) 47655
082 0 4 _a253.2
_bM26XI-1
100 1 _aMartínez, José M
245 1 0 _aMinistros de Jesucrist :
_b(Ministerio y Homilética) /
_cJosé M. Martínez
_nXI-1.
250 _a3a edición.
264 1 _aBarcelona :
_bClie,
_c[1977]
300 _a226 páginas ;
_c19 centímetros.
336 _atext
_2rdacontent
337 _aunmediated
_2rdamedia
338 _avolume
_2rdacarrier
490 0 _aCurso de formación teológica evangélica
_v11
504 _aIncluye notas bibliográficas
505 0 _aEl ministerio a la luz del nuevo testamento -- Requisitos del ministro (I) -- vocación -- Requisitos del ministro (II). -- Un carácter santificado(a) -- Requisitos del ministro (III) -- Un carácter santificado(b) -- Requisitos del ministro.
526 _aSEG42
526 _aSEG41
526 _aSEG40
526 _aSEG39
526 _aP94
526 _aP87
526 _aP86
526 _aP85
526 _aP77
526 _aP76
526 _aP35
650 1 4 _aHomilética
942 _2ddc
_cBOOK
949 _a253.2 M26XI-1
_i65462
_lCCODEBUL1
_mBUL
_tLIBRO
_o.STAFF. Colección General
859 _q65462
_h253.2
_iM26XI-1
910 _aaj-pb
596 _a1
999 _a253.2 M26 XI-1
_wDEWEY
_c53935
_i17910
_f2021-11-12
_g4
_lCCODEBUL1
_mBUL
_r0
_sY
_tBOOK
_u2015-7-6
_xTEOLOGIA
_zUNKNOWN
_0COMPRA
_o.STAFF. Colección General
_d53935
999 _a253.2 M26 XI-1
_wDEWEY
_c2
_i65462
_d2016-8-11
_e2016-8-9
_f2021-11-10
_g5
_lCCODEBUL1
_mBUL
_n1
_p25.00
_r0
_sY
_tBOOK
_u2015-7-6
_xTEOLOGIA
_PP35
_0COMPRA
_o.STAFF. Colección Teología
980 _81
_gALBERTO SANCHEZ Responsable de Automatización